| 000 | 00349cam a2200145ua 4500 | ||
|---|---|---|---|
| 041 |
_aeng _h |
||
| 082 |
_a823.301 _bTHO/BO |
||
| 100 | _aThornley, G.C. | ||
| 245 |
_aBook of shorter stories / _cG C Thornley. _hTextual Documents |
||
| 260 |
_aLondon : _bLongman , _c1966. |
||
| 300 | _a118 ; . | ||
| 504 | _a | ||
| 942 | _cBK | ||
| 999 |
_c12877 _d12877 |
||